[Event "Top Jeunes"]
[Site "Montpellier"]
[Date "2010.12.19"]
[Round "6.9"]
[White "Gillard, Martin"]
[Black "Hebert, Floriane"]
[Result "1-0"]
[WhiteElo "1009"]
[BlackElo "1419"]
[PlyCount "41"]

1. e4 e5 2. Bc4 Nf6 3. Qf3 Nc6 4. Ne2 Bb4 5. c3 Bc5 6. g4 O-O 7. d3 d6 8. h3
Nd7 9. b4 Bb6 10. a4 a5 11. bxa5 Nxa5 12. Nd2 Bc5 13. d4 exd4 14. cxd4 Bb4 15.
Bd3 Nb3 16. Rb1 Nxd2 17. Bxd2 Bxd2+ 18. Kxd2 Rxa4 19. e5 dxe5 20. Qe4 exd4 21.
Qxh7# 1-0

[Event "Top Jeunes"]
[Site "Montpellier"]
[Date "2010.12.19"]
[Round "6.10"]
[White "Malandre, Lucie"]
[Black "Marcenac, Delphine"]
[Result "0-1"]
[WhiteElo "1009"]
[BlackElo "1290"]
[PlyCount "62"]

1. e4 e5 2. Bc4 Nf6 3. Qf3 Nc6 4. Ne2 Bc5 5. O-O O-O 6. d3 Nb4 7. Bb3 d6 8. h3
Be6 9. a3 Nc6 10. a4 Bxb3 11. cxb3 Nd4 12. Nxd4 Bxd4 13. Bg5 Bxb2 14. Ra2 Bd4
15. Rc2 Re8 16. Na3 Re6 17. Nb5 Bb6 18. Rfc1 Rc8 19. g4 a6 20. Kf1 axb5 21.
axb5 h6 22. Be3 Bxe3 23. Qxe3 d5 24. Qa7 Rb6 25. h4 Nxg4 26. f3 Nf6 27. Qa4
dxe4 28. fxe4 Qxd3+ 29. Ke1 Nxe4 30. Qa1 Rg6 31. Qxe5 Rg1# 0-1

[Event "Top Jeunes"]
[Site "Montpellier"]
[Date "2010.12.19"]
[Round "7.1"]
[White "Loiseau, Quentin"]
[Black "Neri, Jean-Baptiste"]
[Result "0-1"]
[WhiteElo "2219"]
[BlackElo "2063"]
[PlyCount "124"]
[EventDate "20.??.??"]

1. e4 c5 2. Nf3 Nc6 3. d4 cxd4 4. Nxd4 g6 5. Nc3 Bg7 6. Be3 Nf6 7. Bc4 Qa5 8.
O-O O-O 9. Nb3 Qc7 10. Bg5 d6 11. Bxf6 Bxf6 12. Nd5 Qd8 13. Nxf6+ exf6 14. Qd2
Qe7 15. Rfe1 Be6 16. Bd5 Rfd8 17. Rad1 Rac8 18. c3 Kg7 19. Na1 Ne5 20. Nc2 Bxd5
21. Qxd5 Nc4 22. b3 Nb6 23. Qd4 Qe5 24. c4 Qa5 25. Qb2 Qe5 26. Nd4 a6 27. Qd2
Qe7 28. Re3 Rc5 29. Rh3 h5 30. Re3 Re5 31. Rde1 Nd7 32. Qb2 Nc5 33. b4 Na4 34.
Qa1 Qc7 35. Rc1 Rde8 36. Qb1 Qe7 37. Rce1 Qc7 38. Rc1 Nb6 39. Qd3 Rc8 40. f4
Re7 41. Rg3 Kf8 42. f5 g5 43. Qe2 h4 44. Rgc3 Nd7 45. Qh5 Kg7 46. Qf3 Qb6 47.
Qf2 Rxe4 48. c5 Qxb4 49. Rc4 Qa3 50. R1c3 Qa5 51. Qd2 Nxc5 52. g3 h3 53. Kf1
Rce8 54. Qd1 Qxa2 55. Rc2 Re1+ 56. Qxe1 Rxe1+ 57. Kxe1 Qb1+ 58. Ke2 b5 59. R4c3
b4 60. Re3 b3 61. Rc4 b2 62. Rb4 Qh1 0-1

61. Rc4 b2 62. Rb4 Qh1 0-1

[Event "Top Jeunes"]
[Site "Montpellier"]
[Date "2010.12.19"]
[Round "7.2"]
[White "Giroyan, Gary"]
[Black "Rouffignac, Tanguy"]
[Result "1-0"]
[WhiteElo "2258"]
[BlackElo "1922"]
[PlyCount "51"]
[EventDate "20.??.??"]

1. e4 e5 2. Nf3 Nc6 3. Bb5 a6 4. Ba4 Nf6 5. O-O b5 6. Bb3 Bb7 7. d3 Bd6 8. c3
O-O 9. Re1 Re8 10. Nbd2 Bf8 11. Nf1 h6 12. Ne3 Na5 13. Bc2 c5 14. Nf5 d5 15.
Qe2 d4 16. h3 Kh7 17. g4 g6 18. Ng3 Ng8 19. Kh2 f6 20. Bd2 Rc8 21. Rg1 Re7 22.
h4 Qc7 23. g5 fxg5 24. hxg5 h5 25. Nh4 Kg7 26. Nxg6 1-0

5 25. Nh4 Kg7 26. Nxg6 1-0

[Event "Top Jeunes"]
[Site "Montpellier"]
[Date "2010.12.19"]
[Round "7.3"]
[White "Pruvot, Louis"]
[Black "Lamard, Guillaume"]
[Result "1/2-1/2"]
[WhiteElo "1898"]
[BlackElo "2152"]
[PlyCount "83"]
[EventDate "20.??.??"]

1. d4 Nf6 2. Nf3 e6 3. c4 Bb4+ 4. Bd2 c5 5. Bxb4 cxb4 6. g3 O-O 7. Bg2 d6 8.
O-O Re8 9. a3 Nc6 10. axb4 Nxb4 11. Nc3 Bd7 12. Qb3 a5 13. Rfd1 Rc8 14. Nd2 b6
15. Na2 Nc6 16. e3 Qc7 17. Qa3 e5 18. d5 Ne7 19. b4 Ra8 20. Nc3 Rec8 21. Nce4
Nxe4 22. Bxe4 f5 23. Bd3 Ng6 24. Nb3 a4 25. Nd2 e4 26. Be2 Ne5 27. b5 Be8 28.
Qb4 Qc5 29. Qxc5 bxc5 30. Ra3 Nd7 31. Nb1 Nb6 32. Nc3 Ra7 33. Rda1 Rca8 34. Nd1
g5 35. Nb2 Kg7 36. Bd1 Kf6 37. Bxa4 Bh5 38. R3a2 Be2 39. Bb3 Rxa2 40. Rxa2 Rxa2
41. Bxa2 Ke5 42. Kg2 1/2-1/2

. Bxa2 Ke5 42. Kg2 1/2-1/2

[Event "Top Jeunes"]
[Site "Montpellier"]
[Date "2010.12.19"]
[Round "7.4"]
[White "Froment, Theophile"]
[Black "Chevalier, Ezio"]
[Result "1-0"]
[WhiteElo "1877"]
[BlackElo "1640"]
[PlyCount "101"]
[EventDate "20.??.??"]

1. e4 d5 2. exd5 Qxd5 3. Nc3 Qd6 4. d4 Nf6 5. Nf3 a6 6. g3 b5 7. Bg2 Bb7 8. O-O
Nbd7 9. Bf4 Qb6 10. Re1 c5 11. dxc5 Nxc5 12. Qe2 b4 13. Nd1 e6 14. Ne3 Nd5 15.
Nxd5 Bxd5 16. Be5 f6 17. Bd4 Bd6 18. Bh3 Kf7 19. Bxe6+ Bxe6 20. Qxe6+ Nxe6 21.
Bxb6 Rhc8 22. Rac1 a5 23. Be3 Rc7 24. Nd4 Be5 25. Nxe6 Kxe6 26. f4 Bxb2 27.
Bd4+ Kf5 28. Bxb2 Rd8 29. Re2 a4 30. Kf2 Rcd7 31. h3 a3 32. Ba1 Rd1 33. Re1
R8d2+ 34. Kf1 Rxe1+ 35. Kxe1 Rg2 36. c3 Rg1+ 37. Kd2 bxc3+ 38. Bxc3 Rg2+ 39.
Kd3 Rxg3+ 40. Kc2 Rxh3 41. Kb3 Kxf4 42. Kxa3 g5 43. Kb4 f5 44. a4 Rh6 45. Bd2+
Ke4 46. Bxg5 Rg6 47. Rc4+ Kf3 48. Rf4+ Kg3 49. Rxf5 Kg4 50. Rb5 h5 51. a5 1-0

 Kg4 50. Rb5 h5 51. a5 1-0

[Event "Top Jeunes"]
[Site "Montpellier"]
[Date "2010.12.19"]
[Round "7.5"]
[White "Mohammad, Fahim"]
[Black "Meunier, Clement"]
[Result "1-0"]
[WhiteElo "1866"]
[BlackElo "1841"]
[PlyCount "41"]
[EventDate "20.??.??"]

1. d4 Nf6 2. Nf3 c5 3. d5 g6 4. c4 b5 5. cxb5 a6 6. Nc3 axb5 7. d6 Bb7 8. e3
exd6 9. Bxb5 Nc6 10. O-O Ne5 11. Nxe5 dxe5 12. e4 Bg7 13. Qd6 Nxe4 14. Nxe4
Bxe4 15. Re1 Bf5 16. Rxe5+ Be6 17. Bg5 Bxe5 18. Qxe5 f6 19. Qxe6+ Qe7 20. Bxd7+
Kf8 21. Bh6+ 1-0

0. Bxd7+
Kf8 21. Bh6+ 1-0

[Event "Top Jeunes"]
[Site "Montpellier"]
[Date "2010.12.19"]
[Round "7.6"]
[White "Raynaud, Jean-Philippe"]
[Black "Amghar, Ismael"]
[Result "0-1"]
[WhiteElo "1620"]
[BlackElo "1600"]
[PlyCount "121"]
[EventDate "20.??.??"]

1. d4 Nf6 2. Bg5 g6 3. Bxf6 exf6 4. e3 Bg7 5. g3 O-O 6. Bg2 d5 7. Ne2 Be6 8.
O-O Re8 9. Nd2 Qe7 10. c4 c6 11. cxd5 Bxd5 12. Bxd5 cxd5 13. Qb3 Qd7 14. Rac1
Nc6 15. Rc5 Red8 16. Nf4 Ne7 17. Rfc1 Rac8 18. Nxd5 Rxc5 19. Nxe7+ Qxe7 20.
Rxc5 Bf8 21. Nc4 Qd7 22. Rb5 b6 23. a4 Qe6 24. a5 Rc8 25. d5 Qe4 26. Nd2 Rc1+
27. Nf1 Qb1 28. axb6 Rxf1+ 29. Kg2 Rg1+ 30. Kf3 axb6 31. Rxb6 Qd1+ 32. Qxd1
Rxd1 33. e4 Rd2 34. Rb5 Rc2 35. Rb8 Kg7 36. b4 Rc7 37. b5 Bd6 38. Rb6 Be5 39.
Rc6 Rb7 40. d6 Rd7 41. b6 Rxd6 42. Rxd6 Bxd6 43. Ke2 Kf8 44. Kd3 Ke7 45. Kc4
Ke6 46. Kd4 f5 47. f3 fxe4 48. Kxe4 f5+ 49. Kd4 Bb8 50. f4 Kd6 51. Kc4 Kc6 52.
Kd4 Bd6 53. Kc4 Kxb6 54. Kd5 Bc5 55. Ke6 Bg1 56. Kf7 Bxh2 57. Kg7 Bxg3 58. Kxh7
g5 59. fxg5 Be5 60. Kg6 f4 61. Kf5 0-1

Be5 60. Kg6 f4 61. Kf5 0-1

[Event "Top Jeunes"]
[Site "Montpellier"]
[Date "2010.12.19"]
[Round "7.7"]
[White "Le, Quan Anh"]
[Black "Bergougnoux, Axel"]
[Result "1/2-1/2"]
[WhiteElo "1420"]
[BlackElo "1360"]
[PlyCount "40"]
[EventDate "20.??.??"]

1. e4 Nf6 2. Nc3 d5 3. exd5 Nxd5 4. d4 Bf5 5. Bd3 Bg6 6. Nf3 e6 7. O-O Be7 8.
Re1 O-O 9. Bxg6 hxg6 10. Ne5 Nd7 11. Nxd5 exd5 12. Qe2 Re8 13. Nxd7 Qxd7 14.
Be3 Bg5 15. Qd2 Bxe3 16. Rxe3 Rxe3 17. Qxe3 Qe8 18. Re1 Kf8 19. Qxe8+ Rxe8 20.
Rxe8+ Kxe8 1/2-1/2

e8 20.
Rxe8+ Kxe8 1/2-1/2

[Event "Top Jeunes"]
[Site "Montpellier"]
[Date "2010.12.19"]
[Round "7.8"]
[White "Legros, Aymeric"]
[Black "Mautin, Arthur"]
[Result "0-1"]
[WhiteElo "1370"]
[BlackElo "1430"]
[PlyCount "84"]
[EventDate "20.??.??"]

1. e4 c6 2. d4 d5 3. Nc3 Nf6 4. e5 Ne4 5. Bd2 Nxd2 6. Qxd2 Bg4 7. h3 Bf5 8. Bd3
Bxd3 9. Qxd3 Nd7 10. Nf3 e6 11. O-O-O Be7 12. Qe3 O-O 13. h4 a5 14. a3 b5 15.
Na2 Qb6 16. g4 c5 17. g5 c4 18. c3 b4 19. Kb1 bxa3 20. Rd2 Rfb8 21. Qe2 Ra7 22.
Rc1 Rab7 23. Rcc2 Nf8 24. h5 Qb5 25. Qe3 Qxb2+ 26. Rxb2 Rxb2+ 27. Rxb2 axb2 28.
Nh4 Bd8 29. f4 Be7 30. f5 Rb6 31. f6 Bd8 32. fxg7 Kxg7 33. h6+ Kg8 34. Qf3 Ng6
35. Ng2 Bxg5 36. Qh5 Be7 37. Qg4 Kf8 38. Nf4 Kg8 39. Nh3 Kf8 40. Ng5 Kg8 41.
Qf3 Bxg5 42. Kc2 b1=Q# 0-1

Qf3 Bxg5 42. Kc2 b1=Q# 0-1

[Event "Top Jeunes"]
[Site "Montpellier"]
[Date "2010.12.19"]
[Round "7.9"]
[White "Mautin, Arthur"]
[Black "Le, Quan Anh"]
[Result "0-1"]
[WhiteElo "1430"]
[BlackElo "1420"]
[PlyCount "98"]
[EventDate "20.??.??"]

1. d4 Nf6 2. c4 c5 3. d5 e6 4. Nc3 exd5 5. cxd5 d6 6. Bg5 g6 7. Nf3 Bg7 8. e3
O-O 9. Be2 a6 10. O-O Bg4 11. h3 Bxf3 12. Bxf3 Nbd7 13. Ne4 Qc7 14. Nxf6+ Nxf6
15. Bf4 b5 16. Rc1 Nd7 17. Qb3 Rab8 18. Rfd1 c4 19. a3 Qb6 20. Qb4 Nc5 21. Bg4
Rfe8 22. Bg3 a5 23. Qd2 Nb3 24. Qc2 Nxc1 25. Rxc1 Be5 26. Bxe5 Rxe5 27. Bf3 b4
28. axb4 Qxb4 29. Qxc4 Qxc4 30. Rxc4 Rxb2 31. Ra4 Rb5 32. Kh2 Re7 33. Kg3 Ra7
34. Be2 Rb4 35. Ra2 a4 36. f4 a3 37. Kf3 Rb2 38. Ra1 a2 39. Bd3 Rd2 40. Be4 f5
41. g4 fxe4+ 42. Kxe4 Rb7 43. Kf3 Rb1 44. Rxa2 Rxa2 45. f5 gxf5 46. gxf5 Rf1+
47. Kg4 Raf2 48. e4 Rf4+ 49. Kg5 Rxe4 0-1

. e4 Rf4+ 49. Kg5 Rxe4 0-1

[Event "Top Jeunes"]
[Site "Montpellier"]
[Date "2010.12.19"]
[Round "7.10"]
[White "Bergougnoux, Axel"]
[Black "Legros, Aymeric"]
[Result "0-1"]
[WhiteElo "1360"]
[BlackElo "1370"]
[PlyCount "90"]
[EventDate "20.??.??"]

1. e4 e5 2. Nf3 Nc6 3. Nc3 Nf6 4. d4 exd4 5. Nxd4 Bc5 6. Nxc6 bxc6 7. Bd3 O-O
8. Bg5 d5 9. O-O d4 10. Na4 Bd6 11. Re1 Re8 12. Qf3 Re5 13. Bxf6 Qxf6 14. Qxf6
gxf6 15. c3 Rh5 16. h3 Ra5 17. b3 dxc3 18. Nxc3 Bb4 19. Rac1 Rc5 20. Bc4 Be6
21. Na4 Bxe1 22. Nxc5 Bxc4 23. Rxc4 Ba5 24. Nd3 Rd8 25. Rc5 Bb6 26. Rc3 Ba5 27.
b4 Bb6 28. Nf4 Rd1+ 29. Kh2 Bxf2 30. Rxc6 Bg1+ 31. Kg3 Rf1 32. Rxc7 Bd4 33.
Rc8+ Kg7 34. Kg4 h5+ 35. Nxh5+ Kg6 36. Rg8+ Kh6 37. Rg7 f5+ 38. exf5 Bxg7 39.
Nf4 Ra1 40. Kh4 Rxa2 41. g4 Bf6+ 42. Kg3 Be5 43. Kf3 Ra3+ 44. Ke4 Bxf4 45. Kxf4
Rxh3 0-1

e4 Bxf4 45. Kxf4
Rxh3 0-1

[Event "Top Jeunes"]
[Site "Montpellier"]
[Date "2010.12.19"]
[Round "7.1"]
[White "Malka, Samuel"]
[Black "Gelas, Christophe"]
[Result "0-1"]
[WhiteElo "1966"]
[BlackElo "2007"]
[PlyCount "68"]

1. d4 d5 2. c4 c6 3. Nf3 Nf6 4. e3 e6 5. b3 Nbd7 6. Bb2 Bd6 7. Nbd2 O-O 8. Bd3
Re8 9. Ne5 Bxe5 10. dxe5 Nc5 11. Bc2 Nfe4 12. b4 Nxd2 13. Qxd2 Nd7 14. c5 a5
15. a3 axb4 16. axb4 Rxa1+ 17. Bxa1 b6 18. Bd4 bxc5 19. bxc5 Ba6 20. Bd3 Bxd3
21. Qxd3 Nxc5 22. Bxc5 Qa5+ 23. Ke2 Qxc5 24. Rb1 Ra8 25. Rb2 g6 26. Rc2 Qb6 27.
Qd4 Qb5+ 28. Kf3 Ra4 29. Qc5 Qd3 30. Qxc6 Qd1+ 31. Re2 Ra2 32. Qb5 g5 33. e4
Rxe2 34. Qxe2 g4+ 0-1

[Event "Top Jeunes"]
[Site "Montpellier"]
[Date "2010.12.19"]
[Round "7.2"]
[White "Fuhrmann, Valentin"]
[Black "Bombail, Leonard"]
[Result "1/2-1/2"]
[WhiteElo "1868"]
[BlackElo "1763"]
[PlyCount "94"]

1. d4 Nf6 2. c4 g6 3. Nc3 Bg7 4. e4 d6 5. Nf3 O-O 6. Be2 e5 7. O-O Nc6 8. d5
Ne7 9. Ne1 Ne8 10. Be3 f5 11. f3 Nf6 12. a4 a5 13. c5 h5 14. cxd6 cxd6 15. Rc1
fxe4 16. fxe4 Ng4 17. Rxf8+ Bxf8 18. Bxg4 Bxg4 19. Qb3 Kh8 20. Bb6 Qe8 21. Nb5
Rc8 22. Nxd6 Rxc1 23. Nxe8 Rxe1+ 24. Kf2 Re2+ 25. Kf1 Rxe4 26. Bxa5 Nf5 27. d6
Rf4+ 28. Ke1 Re4+ 29. Kd2 Bh6+ 30. Kc3 Re3+ 31. Kc4 Be2+ 32. Kb4 Rxb3+ 33. Kxb3
Nd4+ 34. Kc3 Nc6 35. Bb6 Bg4 36. b4 Bg5 37. b5 Nd8 38. a5 Bd7 39. Nc7 Nf7 40.
Bc5 Bd8 41. a6 bxa6 42. bxa6 Bc6 43. a7 Nxd6 44. Bxd6 Bxc7 45. Bxc7 Bxg2 46.
Bxe5+ Kh7 47. Kd4 Kh6 1/2-1/2

[Event "Top Jeunes"]
[Site "Montpellier"]
[Date "2010.12.19"]
[Round "7.3"]
[White "Gerstenkorn, Jim-David"]
[Black "Bandet, Raphael"]
[Result "0-1"]
[WhiteElo "1460"]
[BlackElo "1764"]
[PlyCount "80"]

1. c4 e6 2. g3 Nf6 3. Nf3 d5 4. cxd5 exd5 5. d4 Bd6 6. Bg2 O-O 7. O-O c6 8. Nc3
Bf5 9. Bd2 Qb6 10. b3 Ba3 11. Bc1 Bb4 12. Bb2 Qa5 13. Qc1 Re8 14. e3 Nbd7 15.
Nh4 Bg4 16. Qc2 Rac8 17. Ne2 c5 18. Qd3 c4 19. bxc4 dxc4 20. Qc2 c3 21. Bc1
Bxe2 22. Qxe2 Nb6 23. Bxb7 Rc7 24. Bg2 c2 25. a3 Rec8 26. Nf3 Nfd5 27. Bb2 Bc3
28. Qxc2 Bxd4 29. Qe2 Rc2 30. Qd3 Bxb2 31. Ra2 Nb4 32. axb4 Qxa2 33. Rd1 Rc1
34. Rxc1 Rxc1+ 35. Bf1 Rc8 36. Bh3 Qc4 37. Qd6 Qc7 38. Qd2 Qc1+ 39. Kg2 Qxd2
40. Nxd2 Rb8 0-1

[Event "Top Jeunes"]
[Site "Montpellier"]
[Date "2010.12.19"]
[Round "7.4"]
[White "Dombre, Antoine"]
[Black "Caslani, Nicolas"]
[Result "0-1"]
[WhiteElo "1625"]
[BlackElo "1698"]
[PlyCount "46"]

1. Nf3 Nf6 2. g3 d5 3. Bg2 c5 4. c4 Nc6 5. O-O g6 6. b3 Bg7 7. Bb2 d4 8. d3 Qc7
9. Na3 a6 10. Qd2 h5 11. Nc2 h4 12. Nxh4 Ng4 13. Nf3 Nce5 14. Nce1 Bh6 15. Qc2
Bd7 16. a3 Bg7 17. b4 Nxf3+ 18. Nxf3 Bc6 19. h4 g5 20. Bh3 gxh4 21. Bxg4 hxg3
22. Kg2 Rh2+ 23. Kg1 gxf2+ 0-1

[Event "Top Jeunes"]
[Site "Montpellier"]
[Date "2010.12.19"]
[Round "7.5"]
[White "Guedon, Sosthene"]
[Black "Bianchi, Tobias"]
[Result "0-1"]
[WhiteElo "1599"]
[BlackElo "1610"]
[PlyCount "82"]

1. e4 c5 2. Nf3 Nc6 3. d4 cxd4 4. Nxd4 Nf6 5. Nc3 d6 6. f3 e6 7. Be3 a6 8. Qd2
Be7 9. g4 Nxd4 10. Bxd4 e5 11. Be3 Be6 12. g5 Nh5 13. Rg1 Rc8 14. O-O-O Qa5 15.
a3 b5 16. Nd5 Qxd2+ 17. Rxd2 Bxd5 18. Rxd5 O-O 19. h4 g6 20. Bh3 Rc7 21. Bg4
Ng7 22. f4 f5 23. gxf6 Bxf6 24. f5 Rc4 25. fxg6 Rxe4 26. Kd2 hxg6 27. Rxd6 Rd8
28. Rxd8+ Bxd8 29. b3 a5 30. Kd3 Rxe3+ 31. Kxe3 Bb6+ 32. Ke4 Bxg1 33. Kxe5 Nh5
34. Bxh5 gxh5 35. Kf5 Kf7 36. Kg5 Ke6 37. Kxh5 Kd5 38. Kg6 Kd4 39. h5 Kc3 40.
h6 Kxc2 41. h7 Bd4 0-1

[Event "Top Jeunes"]
[Site "Montpellier"]
[Date "2010.12.19"]
[Round "7.6"]
[White "Lavault, Jeremie"]
[Black "Muller, Martial"]
[Result "1-0"]
[WhiteElo "1460"]
[BlackElo "1250"]
[PlyCount "51"]

1. d4 Nf6 2. c4 c5 3. Nf3 cxd4 4. Nxd4 e5 5. Nf3 e4 6. Nd4 Nc6 7. Nc3 Bc5 8.
Nb3 Bb6 9. Bg5 Qe7 10. e3 d6 11. Nd5 h6 12. Nxe7 Nxe7 13. Bxf6 gxf6 14. Qxd6 f5
15. Rd1 Be6 16. Be2 Rd8 17. Qe5 Rg8 18. Rxd8+ Bxd8 19. O-O Nc6 20. Qb5 Bc8 21.
Rd1 Be7 22. Bh5 Rg7 23. g3 a6 24. Qd5 Be6 25. Qd2 Rg5 26. Nc5 1-0

[Event "Top Jeunes"]
[Site "Montpellier"]
[Date "2010.12.19"]
[Round "7.7"]
[White "Malandre, Lucie"]
[Black "Lavault, Samuel"]
[Result "0-1"]
[WhiteElo "1009"]
[BlackElo "1520"]
[PlyCount "46"]

1. e4 c5 2. Nf3 Nc6 3. Bc4 d6 4. h3 g6 5. Ng5 e6 6. O-O Qxg5 7. Nc3 Nge7 8. Nb5
Kd7 9. b3 Bg7 10. g3 Bxa1 11. c3 d5 12. Be2 Qh6 13. Ba3 a6 14. Qxa1 axb5 15.
Bxb5 Rxa3 16. c4 Rg8 17. Qc1 Rxa2 18. exd5 exd5 19. Qd1 Rxd2 20. Qc1 Nf5 21.
Kh1 Nxg3+ 22. fxg3 Qxh3+ 23. Kg1 Rg2# 0-1

[Event "Top Jeunes"]
[Site "Montpellier"]
[Date "2010.12.19"]
[Round "7.9"]
[White "Lary, Damien"]
[Black "Malandre, Lucie"]
[Result "1-0"]
[WhiteElo "1410"]
[BlackElo "1009"]
[PlyCount "64"]

1. e4 e5 2. Nf3 Nc6 3. Bc4 d6 4. Nc3 Bg4 5. h3 Bd7 6. d3 a6 7. Ng5 h6 8. Nxf7
Qf6 9. Nxh8 O-O-O 10. Bxg8 d5 11. exd5 Bc5 12. O-O Ne7 13. Be6 Bxe6 14. dxe6
Rxh8 15. Ne4 Qxe6 16. Nxc5 Qd5 17. Be3 b6 18. c4 Qc6 19. Qg4+ Kb8 20. Nd7+ Kc8
21. Nxe5+ Kb7 22. Nxc6 Nxc6 23. Qxg7 Rd8 24. Bf4 Rc8 25. Rfe1 Nd8 26. Re7 a5
27. Rxc7+ Rxc7 28. Qxc7+ Ka6 29. Qxd8 b5 30. cxb5+ Kxb5 31. Rc1 a4 32. Qd6 Ka5
1-0

[Event "Top Jeunes"]
[Site "Montpellier"]
[Date "2010.12.19"]
[Round "7.10"]
[White "Lavault, Samuel"]
[Black "Gillard, Martin"]
[Result "0-1"]
[WhiteElo "1520"]
[BlackElo "1009"]
[PlyCount "40"]

1. e4 e5 2. Nf3 Qf6 3. Nc3 Ne7 4. Bc4 Nbc6 5. d3 h6 6. O-O Qg6 7. b3 d6 8. h4
Bh3 9. Ne1 Nd4 10. Be3 Ne6 11. Nd5 Nxd5 12. Bxd5 c6 13. Bc4 d5 14. exd5 cxd5
15. Bxd5 Bb4 16. Bxb7 Bxe1 17. Qxe1 Rc8 18. Rc1 e4 19. Bxe4 Qg4 20. f3 Qxg2#
0-1

[Event "Top Jeunes"]
[Site "Montpellier"]
[Date "2010.12.19"]
[Round "7.3"]
[White "Dumas, Charles"]
[Black "Agussol, Lucas"]
[Result "1/2-1/2"]
[WhiteElo "1800"]
[BlackElo "1586"]
[PlyCount "54"]

1. e4 e6 2. d4 d5 3. e5 c5 4. c3 Nc6 5. Be3 Qb6 6. Qd2 cxd4 7. cxd4 Bb4 8. Nc3
Nge7 9. Bd3 Bd7 10. Nf3 Rc8 11. O-O Na5 12. Rac1 Nc4 13. Bxc4 Rxc4 14. a3 Bxc3
15. Rxc3 Bb5 16. Rfc1 O-O 17. b3 Rxc3 18. Qxc3 Qc6 19. Qa5 Qa6 20. Qxa6 Bxa6
21. Rc7 Nc6 22. b4 h6 23. Bd2 Be2 24. Bc3 f6 25. b5 Bxb5 26. Rxb7 Rb8 27. Rxb8+
Nxb8 1/2-1/2

[Event "Top Jeunes"]
[Site "Montpellier"]
[Date "2010.12.19"]
[Round "7.4"]
[White "Arnaud-Audiffren, Alexandre"]
[Black "Rodriguez, Adrien"]
[Result "0-1"]
[WhiteElo "1519"]
[BlackElo "1859"]
[PlyCount "80"]

1. d4 Nf6 2. Bf4 e6 3. e3 c5 4. c3 Nc6 5. Nd2 d5 6. Ngf3 Bd6 7. Bg3 O-O 8. Bd3
Re8 9. O-O Bxg3 10. hxg3 e5 11. dxe5 Nxe5 12. Bb5 Nxf3+ 13. Nxf3 Re7 14. c4 a6
15. Ba4 Bg4 16. cxd5 b5 17. d6 Rd7 18. Bc2 Rxd6 19. Qe2 Nd5 20. Be4 Qf6 21.
Rfd1 Rad8 22. Qc2 Nb4 23. Rxd6 Qxd6 24. Qe2 g6 25. a3 Nd3 26. Bxd3 Bxf3 27.
gxf3 Qxd3 28. Qxd3 Rxd3 29. Kf1 Rb3 30. Rb1 c4 31. Ke2 c3 32. Kd1 cxb2 33. Kc2
Rxa3 34. Rxb2 Kf8 35. Rb3 Rxb3 36. Kxb3 a5 37. f4 Ke7 38. e4 Kd6 39. g4 f6 40.
f3 h5 0-1

[Event "Top Jeunes"]
[Site "Montpellier"]
[Date "2010.12.19"]
[Round "7.5"]
[White "Albaric, Etienne"]
[Black "Sambuc, David"]
[Result "1-0"]
[WhiteElo "1707"]
[BlackElo "1310"]
[PlyCount "55"]

1. e4 e5 2. Nc3 Nf6 3. Bc4 Bc5 4. d3 Nc6 5. Nge2 d6 6. f4 O-O 7. Na4 Nd4 8.
Nxd4 Bxd4 9. c3 Bb6 10. Nxb6 axb6 11. O-O Bd7 12. f5 Bc6 13. Bg5 h6 14. Bh4 Kh8
15. Qf3 Rc8 16. Rae1 b5 17. Bb3 b6 18. Rf2 Bb7 19. g4 Qe7 20. Rg2 c5 21. g5
hxg5 22. Bxg5 c4 23. Qh3+ Kg8 24. Bh6 Nh5 25. Qxh5 Qd7 26. Rxg7+ Kh8 27. Rg5
Rg8 28. Bg7# 1-0

[Event "Top Jeunes"]
[Site "Montpellier"]
[Date "2010.12.19"]
[Round "7.6"]
[White "Willems, Niels"]
[Black "Roque, Gaetan"]
[Result "1/2-1/2"]
[WhiteElo "1670"]
[BlackElo "1561"]
[PlyCount "90"]

1. c4 c6 2. Nc3 d5 3. cxd5 cxd5 4. d4 Nf6 5. g3 Nc6 6. Bg2 e6 7. Nf3 Be7 8. O-O
O-O 9. Bf4 Nh5 10. Qd2 Nxf4 11. Qxf4 Bf6 12. Qd2 Bd7 13. Rfe1 Qb6 14. e3 Rac8
15. Na4 Qb4 16. Nc5 Rc7 17. Rac1 Rd8 18. Rc2 e5 19. Nxd7 Rcxd7 20. dxe5 Qxd2
21. Rxd2 Nxe5 22. Nxe5 Bxe5 23. Red1 Kf8 24. Rxd5 Rxd5 25. Rxd5 Rxd5 26. Bxd5
Bxb2 27. Bxb7 Ke7 28. Bd5 g5 29. Kf1 f6 30. Ke2 Kd6 31. Bb3 h6 32. Kd3 Ke5 33.
f3 Ba3 34. Ba4 Bb2 35. Bc6 Ba3 36. Ba4 Bb2 37. Bc6 Ba3 38. Kc4 Bc1 39. Kd3 Ba3
40. Be4 Bb2 41. f4+ Kd6 42. fxg5 hxg5 43. h4 Ke5 44. hxg5 fxg5 45. g4 Ba3
1/2-1/2

[Event "Top Jeunes"]
[Site "Montpellier"]
[Date "2010.12.19"]
[Round "7.7"]
[White "Parent, Leo"]
[Black "Barbe Asensio, Cyrielle"]
[Result "1-0"]
[WhiteElo "1009"]
[BlackElo "1390"]
[PlyCount "75"]

1. e4 b6 2. d4 Bb7 3. Nc3 e6 4. Bf4 Bb4 5. f3 Ne7 6. Bc4 O-O 7. Nge2 d6 8. a3
Bxc3+ 9. Nxc3 Nd7 10. O-O c5 11. dxc5 dxc5 12. Bd6 Re8 13. Nb5 Rf8 14. Qd2 a6
15. Nc7 Rc8 16. Qg5 f6 17. Qd2 Rxc7 18. Bxc7 Qxc7 19. Bxe6+ Kh8 20. Bxd7 Rd8
21. Rfd1 Bc6 22. Qe2 Rxd7 23. Rxd7 Qxd7 24. Rd1 Qc7 25. Qxa6 b5 26. b4 c4 27.
Qa5 Qxa5 28. bxa5 g6 29. Rd8+ Kg7 30. a6 f5 31. exf5 Nxf5 32. a7 Nd4 33. Rxd4
Ba8 34. Rd7+ Kf6 35. Rxh7 Ke6 36. Rh8 Bb7 37. a8=Q Bxa8 38. Rxa8 1-0

[Event "Top Jeunes"]
[Site "Montpellier"]
[Date "2010.12.19"]
[Round "7.9"]
[White "Di Frenna, Oscar"]
[Black "Parent, Leo"]
[Result "0-1"]
[WhiteElo "1009"]
[BlackElo "1009"]
[PlyCount "56"]

1. e4 e5 2. Nf3 Nc6 3. d3 h6 4. Nc3 Bc5 5. Be3 d6 6. Nd5 Nf6 7. Nxf6+ Qxf6 8.
Bxc5 dxc5 9. h3 O-O 10. Qe2 Be6 11. O-O-O Bxa2 12. g3 Nd4 13. Nxd4 cxd4 14. c3
dxc3 15. bxc3 Bb3 16. d4 Bxd1 17. dxe5 Qxe5 18. Kxd1 Rad8+ 19. Kc2 f5 20. Bg2
fxe4 21. Bxe4 Rfe8 22. f3 Rd5 23. c4 Ra5 24. Rd1 Ra2+ 25. Kb3 Rxe2 26. Bd3 Qb2+
27. Ka4 R2e3 28. Be2 Ra3# 0-1

[Event "Top Jeunes"]
[Site "Montpellier"]
[Date "2010.12.19"]
[Round "7.10"]
[White "Barbe Asensio, Cyrielle"]
[Black "Ruble, Louis"]
[Result "1-0"]
[WhiteElo "1390"]
[BlackElo "1009"]
[PlyCount "65"]

1. b3 d5 2. Bb2 Bf5 3. e3 Nc6 4. Nf3 e6 5. Bb5 a6 6. Bxc6+ bxc6 7. d3 Nf6 8.
O-O Qd6 9. Ne5 Qd8 10. Nxc6 Qd7 11. Ne5 Bd6 12. Nxd7 Nxd7 13. Re1 Nf6 14. f3
Bb4 15. Nd2 Be7 16. e4 dxe4 17. dxe4 Bg6 18. Qe2 Rd8 19. Nc4 Bb4 20. c3 Bc5+
21. Kh1 O-O 22. b4 Be7 23. Rad1 Rxd1 24. Rxd1 Bh5 25. Qe1 Rd8 26. Rxd8+ Bxd8
27. Qd2 Be7 28. Na5 Ne8 29. c4 Nd6 30. Qd4 Bf6 31. Qd2 c6 32. Bxf6 gxf6 33.
Qxd6 1-0

[Event "Top Jeunes"]
[Site "Montpellier"]
[Date "2010.12.19"]
[Round "7.1"]
[White "Aflalo, Sophie"]
[Black "Tobitt-Jupillat, Eric"]
[Result "1-0"]
[WhiteElo "2031"]
[BlackElo "1605"]
[PlyCount "63"]

1. e4 e5 2. Nf3 Nc6 3. d4 exd4 4. Nxd4 Bc5 5. Be3 Nxd4 6. Bxd4 Bxd4 7. Qxd4 Qf6
8. e5 Qg6 9. Na3 a6 10. Bd3 Qg5 11. f4 Qg4 12. Nc4 Ne7 13. Ne3 Nc6 14. Qe4 Qh5
15. h4 Qg6 16. Qf3 Nd4 17. Qf2 Qb6 18. O-O Qc6 19. Rad1 Ne6 20. f5 Nc5 21. Bc4
h5 22. Bd5 Qh6 23. Nc4 Na4 24. Bxf7+ Kxf7 25. e6+ Kg8 26. exd7 Bxd7 27. Rxd7
Rc8 28. f6 Qxf6 29. Qg3 Qh6 30. Rff7 Rh7 31. Ne3 Kh8 32. Nf5 1-0

[Event "Top Jeunes"]
[Site "Montpellier"]
[Date "2010.12.19"]
[Round "7.2"]
[White "Baudry, Remi"]
[Black "Ralaivao, Maxence"]
[Result "0-1"]
[WhiteElo "1619"]
[BlackElo "1868"]
[PlyCount "86"]

1. d4 Nf6 2. Bf4 g6 3. Nc3 d6 4. Qd2 Bg7 5. O-O-O O-O 6. f3 c6 7. Bh6 b5 8.
Bxg7 Kxg7 9. e4 Qa5 10. g4 b4 11. Nb1 Nbd7 12. h4 Rb8 13. a3 c5 14. axb4 Qa1
15. h5 Rh8 16. hxg6 fxg6 17. Qh6+ Kg8 18. Bc4+ d5 19. e5 dxc4 20. exf6 Nxf6 21.
dxc5 Be6 22. c3 a5 23. Qe3 Kf7 24. g5 Bf5 25. Rh4 Qxb1+ 26. Kd2 Rhd8+ 27. Rd4
Rxd4+ 28. Qxd4 Qxb2+ 29. Ke1 Ne8 30. Qxc4+ Be6 31. Qf4+ Bf5 32. Qxb8 Qxc3+ 33.
Rd2 axb4 34. c6 b3 35. Qb6 Nd6 36. Ne2 Qxd2+ 37. Kxd2 Nc4+ 38. Kc3 Nxb6 39.
Kxb3 Ke6 40. Nd4+ Kd5 41. Kc3 Na4+ 42. Kb4 Kxd4 43. Kxa4 Ke3 0-1